|
|
|
|
| LEADER |
00000nam0a2200000 4500 |
| 001 |
292976 |
| 005 |
20231102000541.0 |
| 035 |
|
|
|a (RuTPU)RU\TPU\book\317753
|
| 090 |
|
|
|a 292976
|
| 100 |
|
|
|a 20150428d1984 km y0rusy50 ca
|
| 101 |
0 |
|
|a rus
|
| 102 |
|
|
|a RU
|
| 105 |
|
|
|a a z 001zy
|
| 200 |
1 |
|
|a Спектроскопия ЯМР металлоорганических соединений (Опыт применения ЯМР в химии органических соединений тяжелых непереходных металлов)
|f Л. А. Федоров
|g Академия наук СССР (АН СССР), Институт геохимии и аналитической химии им. В. И. Вернадского (ГЕОХИ)
|
| 210 |
|
|
|a Москва
|c Наука
|d 1984
|
| 215 |
|
|
|a 248 с.
|c ил.
|
| 320 |
|
|
|a Библиогр.: с. 231-247
|
| 606 |
1 |
|
|a Металлоорганические соединения
|x Исследование методом ЯМР
|2 stltpush
|3 (RuTPU)RU\TPU\subj\42543
|9 62206
|
| 610 |
1 |
|
|a спин-спиновое взаимодействие
|
| 610 |
1 |
|
|a органические производные
|
| 610 |
1 |
|
|a тяжелые металлы
|
| 610 |
1 |
|
|a сольватация
|
| 610 |
1 |
|
|a непереходные металлы
|
| 610 |
1 |
|
|a реакционная способность
|
| 675 |
|
|
|a 661.78
|v 4
|
| 700 |
|
1 |
|a Федоров
|b Л. А.
|g Лев Александрович
|
| 712 |
0 |
2 |
|a Академия наук СССР (АН СССР)
|b Институт геохимии и аналитической химии им. В. И. Вернадского (ГЕОХИ)
|c (Москва)
|2 stltpush
|3 (RuTPU)RU\TPU\col\11383
|
| 801 |
|
1 |
|a RU
|b 63413507
|c 20150428
|
| 801 |
|
2 |
|a RU
|b 63413507
|c 20181012
|g RCR
|
| 942 |
|
|
|c BK
|